00713nam a2200241 a 4500001001300000003000900013005001700022008004100039020001300080082001500093100001800108245007400126260003000200300000900230500003500239505001700274650001600291700001800307902000800325942000700333952011600340999001500456nice12345678IN_TiNIC20260116012848.0050524s1980 u sa grp 000 0 eng  ac193.5500a231.3bFLY aFlynn, Leslie aNineteen Gifts of the Spiritb Which Do You Have? Are You Using Them? aU S AbVictor Booksc1980 a204p aincludes index and biblioraphy2 abibliography aHoly Spirit1 aFlynn, Leslie bSRS cBK 001040708StackRoom-aHMIbHMId2007-06-15g193.55l0o231.3 FLYp010258r2007-06-15v193.55w2005-05-24yBK c8682d8682